000 00812nam a2200217Ia 4500
003 0
005 20250128132509.0
008 150126s9999 xx 000 0 und d
050 _aPGS LB 1049.3
_b.K49 2014
100 _aKim, Sang Hyun.
245 _aStudy habits of grade 6 varsity and non varsity students of SISC /
_cSang Hyun Kim.
260 _aLas Piñas City, Philippines :
_bSouthville International School and Colleges,
_c2014.
300 _a33 p. :
_bill. ;
_c28 cm.
504 _aIncludes bibliographical references.
650 _a Athletes
_vPsychological aspects
650 _aStudy habits
_vChildren.
650 _aAcademic achievement
_vChildren—Psychological aspects.
650 _aSports for children
_vPsychological aspects.
650 _aChildren
_vTime management.
942 _2lcc
_cPASS
999 _c278598
_d278598